| 000 | 00765nam a22001937a 4500 | ||
|---|---|---|---|
| 999 |
_c6145 _d6145 |
||
| 005 | 20260317133630.0 | ||
| 008 | 260317b ||||| |||| 00| 0 eng d | ||
| 020 | _a9781499412277 | ||
| 040 | _cKH8 | ||
| 082 | _a612.3 | ||
| 100 |
_aCANAVAN,THOMAS _eAUTHOR |
||
| 245 | _aHOW YOUR BODY WORKS FUELING THE BODY | ||
| 260 |
_a29 East 21st Street,New York,NY 10010 _bThe Rosen Publishing Group,Inc _c2016 |
||
| 300 |
_a32 pages _bcolour illustration _c21cm x 28cm |
||
| 520 | _aDigesting a meal takes the body hours! The process begins in the mouth with saliva and moves to the stomach, which is full of acid that outside of the body could do some serious harm. -Library Thing- | ||
| 650 |
_aJuvenile Non Fiction _vHuman Body |
||
| 655 | _aScience | ||
| 942 |
_2ddc _cNFIC |
||